000 00602nam a22002177a 4500
001 40667
003 UA-OsUOA
005 20230509131139.0
007 ta
008 20060819b un ||||| |||| 00| 0 ukr d
040 _aUA-OsUOA
_bukr
_cUA-OsUOA
_dUA-OsUOA
041 _aukr
080 _a328
090 _a328
_bР15
245 _aРада Європи: 800 мільйонів європейців
260 _aК.
_bКальварія
_c2001
300 _a118 с.
650 7 _a328 Парламенти. Представництво народу. Уряди
_2UDC
942 _cBK
_2udc
955 _a1
999 _c326809
_d326809